ბათუმის შოთა რუსთაველის სახელმწიფო უნივერსიტეტის ბიბლიოთეკა

ერთი კარგი წელიწადი (ბიბ.ჩანაწერი № 42545)

000 -LEADER
fixed length control field 00906nam a2200229Ia 4500
001 - CONTROL NUMBER
control field 9243
003 - CONTROL NUMBER IDENTIFIER
control field GE_BSU
008 - FIXED-LENGTH DATA ELEMENTS--GENERAL INFORMATION
fixed length control field 181216s||||||||xx |||||||||||||| ||und||
040 ## - CATALOGING SOURCE
Transcribing agency GE_BSU
080 ## - UNIVERSAL DECIMAL CLASSIFICATION NUMBER
Universal Decimal Classification number 821.353.1-82
100 ## - MAIN ENTRY--PERSONAL NAME
Personal name ლორთქიფანიძე,კონსტანტინე
245 ## - TITLE STATEMENT
Title ერთი კარგი წელიწადი
245 ## - TITLE STATEMENT
Remainder of title მოთხრობები.ლექსები.წერილები.თარგმანები
245 ## - TITLE STATEMENT
Statement of responsibility, etc. რედ.ვ.ძიძიგური.მხატვ. ო.ჯიშკარიანი და თ. მირზაშვილი
260 ## - PUBLICATION, DISTRIBUTION, ETC.
Place of publication, distribution, etc. თბილისი
260 ## - PUBLICATION, DISTRIBUTION, ETC.
Name of publisher, distributor, etc. მერანი
260 ## - PUBLICATION, DISTRIBUTION, ETC.
Date of publication, distribution, etc. 1970
300 ## - PHYSICAL DESCRIPTION
Extent 257გვ.4ფ.ილ.15სმ.
653 ## - INDEX TERM--UNCONTROLLED
Uncontrolled term ერთი კარგი წელიწადი
653 ## - INDEX TERM--UNCONTROLLED
Uncontrolled term მოთხრობები
942 ## - ADDED ENTRY ELEMENTS (KOHA)
Koha item type წიგნი
ეგზემპლარები
Withdrawn status Lost status Damaged status Not for loan Date acquired Barcode Date last seen Price effective from Koha item type
        2018-12-17 31998 2018-12-17 2018-12-17 წიგნი
        2018-12-17 31999 2018-12-17 2018-12-17 წიგნი